Statistics for Oslo Tram Stop by Picture

Click here to take the quiz!

General Stats

  • This quiz has been taken 18 times
  • The average score is 3 of 5

Answer Stats

Answer% Correct
Jernbanetorget
94%
Bjørvika
88%
Rikshospitalet
63%
Adamstuen
31%
Biermanns gate
19%

Score Distribution

Percentile by Number Answered

Percent of People with Each Score

Your Score History

You have not taken this quiz